| 000 | 01025cab a2200277 4500 | ||
|---|---|---|---|
| 001 | ABS59959 | ||
| 008 | 090401t1999 xxu||||| |||| 00| 0 eng d | ||
| 035 | _a(Sirsi) u90590 | ||
| 041 | _aeng | ||
| 100 | _aRaven, H. | ||
| 245 | _aTime for a fresh approach to housing | ||
| 260 | _c1999 | ||
| 350 | _a0 | ||
| 490 |
_aCSM _bChartered Surveyor Monthly _v8(5) January 1999, 52-53(2) |
||
| 520 | _aDiscussion on the resurgence of residential issues in the public arena and the resulting opportunities for surveyors. Outlines the government`s pledge for housing and regeneration, PFI initiatives and partnering. Reviews the Egan Report and looks at the trend to convert unused commercial space to create sustainable urban environments. | ||
| 650 | _aCOMPREHENSIVE SPENDING REVIEW | ||
| 650 | _aEGAN REFORMS | ||
| 650 | _aPARTNERING | ||
| 650 | _aPFI | ||
| 650 | _aSOCIAL HOUSING | ||
| 650 | _aSUSTAINABLE ENVIRONMENT | ||
| 650 | _aURBAN REGENERATION | ||
| 690 | _aHOUSING | ||
| 942 | _n0 | ||
| 948 | _c08/01/1999 | ||
| 999 |
_c57446 _d57446 |
||